000 00403nam a2200193Ia 4500
001 11936
003 GE_BSU
008 181216s||||||||xx |||||||||||||| ||und||
040 _cGE_BSU
080 _a821.111-314
100 _aFrench,Nicci
245 _aLand of the
260 _aLondon
260 _bPenguin Books.
260 _c2002.
300 _a309p;18cm.
653 _aLand of the
942 _cBK
999 _c45113
_d45113